| 000 | 00452nam a22001817a 4500 | ||
|---|---|---|---|
| 005 | 20260530161246.0 | ||
| 008 | 260530b |||||||| |||| 00| 0 eng d | ||
| 020 |
_a9783110515619 _c4270.65 |
||
| 040 | _aMAIN | ||
| 041 | _aGerman | ||
| 082 |
_a401.93 _bTRO |
||
| 100 |
_aTrotzke, Andreas _926963 |
||
| 245 |
_aSprachevolution _b: Eine Einfuhrung |
||
| 260 |
_aBerlin _bDe Gruyter _c2017 |
||
| 300 | _a208 | ||
| 650 | _aGerman Language | ||
| 942 | _cBK | ||
| 999 |
_c60937 _d60937 |
||